Library movement and library development in India: seminar papers (Record no. 1701)

MARC details
000 -LEADER
fixed length control field 00468nam a2200169Ia 4500
020 ## - INTERNATIONAL STANDARD BOOK NUMBER
ISBN 81-85216-27-6
082 ## - DEWEY DECIMAL CLASSIFICATION NUMBER
Classification number 027.054 LIB;
245 #0 - TITLE STATEMENT
Title Library movement and library development in India: seminar papers
260 ## - PUBLICATION, DISTRIBUTION, ETC. (IMPRINT)
Place of publication Delhi
Name of publisher Indian Library Association
Year of publication 1994
300 ## - PHYSICAL DESCRIPTION
Number of Pages 466p.
504 ## - BIBLIOGRAPHY, ETC. NOTE
Bibliography, etc Includes index
650 ## - SUBJECT ADDED ENTRY--TOPICAL TERM
Topical Term Library science - India
650 ## - SUBJECT ADDED ENTRY--TOPICAL TERM
Topical Term Library planning
650 ## - SUBJECT ADDED ENTRY--TOPICAL TERM
Topical Term Library administration
700 ## - ADDED ENTRY--PERSONAL NAME
Personal name Vashishth, C.P.
942 ## - ADDED ENTRY ELEMENTS (KOHA)
Koha item type Books
Holdings
Withdrawn status Lost status Damaged status Not for loan Home library Current library Date acquired Bill Date Full call number Accession Number Price effective from Koha item type
        NASSDOC Library NASSDOC Library 08/06/2004 2008-12-30 027.054 LIB; 33795 18/04/2019 Books